00537cam a22002051 4500001001300000003000400013005001700017008004100034010001700075035001900092040002200111042001200133050001700145110003000162245005200192260001800244300003400262500001800296999001700314sa 68015394 DLC20260227112643.0750421s1962 xx ac 000 0 ind  asa 68015394  a(OCoLC)1289263 aDLCcCtYdWUdDLC apremarc00aU660.I5bA652 aAkademi Militer Nasional.10aAkademi Militer Nasional Indonesia, tahun 1962. a[n p.,c1962] a43 p.billus., ports.c23 cm. a"Buku AKMIL." c86415d86415